Statistiques concernant Philosophie

Cliquez ici pour prendre le quiz!

Statistiques générales

  • Ce quiz a été pris 9 fois
  • Le résultat moyen est 7 sur 17

Statistiques - réponses

HintRéponse% Correct
Emmanuel Kant1724-1804
75%
René Descartes1596-1650
50%
John Locke1632-1704
50%
David Hume1711-1776
50%
Jean Jacques Rousseau1712-1778
50%
Arthur Schopenhauer1788-1860
50%
Karl Marx1818-1883
50%
Jean-Paul Sartre1905-1980
50%
Aristote384-322 av JC
50%
George Hegel1770-1831
25%
Henri Bergson1859-1941
25%
Hannah Arendt1906-1975
25%
Diogène de Sinope413-327 av JC
25%
Platon428-348 av JC
25%
Socrate470-399 av JC
25%
Epictète50-130 ap JC
25%
Thalès625-548 av JC
0%

Distribution des résultats

Percentile par nombre de réponses

% des personnes avec chaque résultat

Votre développement - résultats

Vous n’avez pas pris ce quiz